000 00483nam a2200181 a 4500
001 000031669
003 000031669
005 20160920113039.0
008 110629s1991 dr 000 0 spa d
040 _aBPMET
_bspa
_cBPMET
049 _aBNPD
100 1 _aSolano, Ramón
245 1 4 _aLos astros y los sentimientos /
_cRamón Solano.
260 _aSanto Domingo :
_b[s.n.],
_c1991.
300 _a20 p. ;
_c22 cm.
942 _2ddc
_cBK
956 _aVMATEO
_b10
_c20110630
_lBPMSU
_h0069
999 _c7112
_d7112